Eleven Letter Words A-Z - Statistics

General Stats
  • This quiz has been taken 67 times
  • The average score is 15 of 26
Answer Stats
Hint Answer % Correct
G parent's father grandfather
94%
C a very terrible event catastrophe
91%
K compulsion to steal kleptomania
87%
A the teen years adolescence
83%
B attraction to both genders bisexuality
81%
H small bird, able to fly backwards hummingbird
81%
O building to observe the night sky observatory
81%
E equally far from equidistant
80%
W single-wheeled gardening accessory wheelbarrow
69%
X type of percussionist xylophonist
67%
S measures speed of travel speedometer
63%
R French stewed vegetable dish ratatouille
61%
J able to be shown as right or reasonable justifiable
59%
D expert of population statistics demographer
56%
Q mercury quicksilver
54%
L laws legislation
50%
P two people working together partnership
50%
Y last night yesternight
50%
F a pardon; ceasing resentment towards forgiveness
43%
M generosity magnanimity
37%
T a person's nature and predisposition temperament
33%
U Germany had them in 1871 and 1990 unification
31%
V farewell speech valedictory
28%
N collector of coins numismatist
26%
Z devoted, passionate activity zealousness
19%
I not showing proper respect; rude impertinent
7%
No matching quizzes found
Score Distribution
Percent of People with Each Score
Percentile by Number Answered
Your Score History
You have not taken this quiz